Algeria : Financial System Stability Assessment.

This paper discusses key findings of the Financial System Stability Assessment on Algeria. The global crisis has had virtually no impact on Algeria's financial system, which remains stable overall but thoroughly underdeveloped. Pervasive exchange controls, widespread public ownership, and an ab...

Fuld beskrivelse

Bibliografiske detaljer
Institution som forfatter: International Monetary Fund. Monetary and Capital Markets Department
Format: Tidsskrift
Sprog:English
Udgivet: Washington, D.C. : International Monetary Fund, 2014.
Serier:IMF Staff Country Reports; Country Report ; No. 2014/161
Online adgang:Full text available on IMF
LEADER 01790cas a2200241 a 4500
001 AALejournalIMF014449
008 230101c9999 xx r poo 0 0eng d
020 |c 5.00 USD 
020 |z 9781498328739 
022 |a 1934-7685 
040 |a BD-DhAAL  |c BD-DhAAL 
110 2 |a International Monetary Fund.  |b Monetary and Capital Markets Department. 
245 1 0 |a Algeria :   |b Financial System Stability Assessment. 
264 1 |a Washington, D.C. :  |b International Monetary Fund,  |c 2014. 
300 |a 1 online resource (55 pages) 
490 1 |a IMF Staff Country Reports 
500 |a <strong>Off-Campus Access:</strong> No User ID or Password Required 
500 |a <strong>On-Campus Access:</strong> No User ID or Password Required 
506 |a Electronic access restricted to authorized BRAC University faculty, staff and students 
520 3 |a This paper discusses key findings of the Financial System Stability Assessment on Algeria. The global crisis has had virtually no impact on Algeria's financial system, which remains stable overall but thoroughly underdeveloped. Pervasive exchange controls, widespread public ownership, and an abundance of domestic funding have protected banks from external shocks. Financial sector reforms have been pushed to the backburner by the emergence of global financial and regional political turmoil, with privatization of banks halted and consumer lending suspended. The authorities have also made progress in a number of areas implementing the recommendations of the 2007 Financial Sector Assessment Program update. 
538 |a Mode of access: Internet 
830 0 |a IMF Staff Country Reports; Country Report ;  |v No. 2014/161 
856 4 0 |z Full text available on IMF  |u http://elibrary.imf.org/view/journals/002/2014/161/002.2014.issue-161-en.xml  |z IMF e-Library